=LDR 00000nam 2200000 4500 =001 INLIS000000000031858 =005 20130612133913 =008 ***********************************ind** =035 ##$$0010-061300000031858 =041 ##$$a ind =082 ##$$a 372.7 =090 ##$$a 372.7, Nug e =100 ##$$a NUGRAHA,Adrian R =245 ##$$a Ensiklopedi Gemilang Matematika Bentuk, Adrian R.Nugraha =260 ##$$a 2007 $b Bogor =300 ##$$a 32 hal , Ilus, 28.5 cm =650 ##$$a PENDIDIKAN DASAR MATEMATIKA =850 ##$$a NBPNMAT